000
00332nam a2200145Ia 4500
008
150201s2014 xx 000 0 und d
082
_a
610.7362
_b
P14C
100
_a
CHELLAPPA, JESSIE
245
_a
PEDIATRICS NURSING
250
_a
2ND
260
_b
A.P. JAIN
_c
2014
300
_a
480
650
_a
PEDIATRICS
942
_2
ddc
_c
BK
_0
7
999
_c
2452
_d
2452